Nghi lễ Phật giáo liên quan đến vòng đời người : (Qua khảo sát tại chùa Tri Chỉ, xã Tri Trung, Phú Xuyên, Hà Nội)

Nội dung giới thiệu tổng quan về chùa Tri Chỉ. Nghi lễ Phật giáo liên quan đến đời người như: cầu an, nghi lễ các ngày lễ truyền thống của Phật giáo. Sự thích đức Phật Thích Ca, sự tích đức Phật A Di Đà và bảy vị bồ tát......

Πλήρης περιγραφή

Αποθηκεύτηκε σε:
Λεπτομέρειες βιβλιογραφικής εγγραφής
Κύριος συγγραφέας: Vũ, Quang Liễn
Μορφή: Βιβλίο
Γλώσσα:Undetermined
Έκδοση: Hà Nội Hội Nhà văn 2019
Θέματα:
Ετικέτες: Προσθήκη ετικέτας
Δεν υπάρχουν, Καταχωρήστε ετικέτα πρώτοι!
Thư viện lưu trữ: Trung tâm Học liệu Trường Đại học Cần Thơ
LEADER 01115nam a2200217Ia 4500
001 CTU_236806
008 210402s9999 xx 000 0 und d
082 |a 294.3 
082 |b L305 
100 |a Vũ, Quang Liễn 
245 0 |a Nghi lễ Phật giáo liên quan đến vòng đời người : 
245 0 |b (Qua khảo sát tại chùa Tri Chỉ, xã Tri Trung, Phú Xuyên, Hà Nội) 
245 0 |c Vũ Quang Liễn, Vũ Quang Dũng 
260 |a Hà Nội 
260 |b Hội Nhà văn 
260 |c 2019 
520 |a Nội dung giới thiệu tổng quan về chùa Tri Chỉ. Nghi lễ Phật giáo liên quan đến đời người như: cầu an, nghi lễ các ngày lễ truyền thống của Phật giáo. Sự thích đức Phật Thích Ca, sự tích đức Phật A Di Đà và bảy vị bồ tát... 
650 |a Phật giáo,Buddhism 
650 |x Cầu nguyện và tôn kính,Prayers and devotions 
910 |b dqhieu 
980 |a Trung tâm Học liệu Trường Đại học Cần Thơ